Score 0/30 Timer 04:00
1 Play Today
Hint Answer % Correct
John TravoltaPulp
98.8%
Uma ThurmanBill
97.6%
John TravoltaFever
96.2%
Channing TatumJump
95%
Billy Bob ThorntonLove
91.8%
Uma ThurmanBatman
91.7%
John TravoltaTalking
90.2%
Uma ThurmanMisérables
89.8%
Liv TylerTowers
88.3%
Uma ThurmanDangerous
83.6%
Billy Bob ThorntonLights
82.7%
Channing TatumMike
81%
Charlize TheronItalian
80.4%
Charlize TheronHuntsman
76.1%
John TravoltaPelham
72.2%
Hint Answer % Correct
Liv TylerNight
71.1%
Channing TatumCarter
69.3%
John TravoltaDaughter
69.1%
Billy Bob ThorntonBlade
68.8%
Charlize TheronFury
67.8%
Billy Bob ThorntonMonster's
65.7%
Liv TylerGirl
65.4%
Channing TatumHouse
62.3%
Channing TatumHateful
58.7%
Charlize TheronFlux
56.9%
Uma ThurmanSuper
53.3%
Liv TylerHulk
47.3%
Liv TylerRecords
42.7%
Billy Bob ThorntonSimple
41.7%
Charlize TheronAdult
13.4%

Today's Daily Dose

Remove Ads.
Support Sporcle.
Get the best of Sporcle when you Go Orange. This ad-free experience offers more features, more stats, and more fun while also helping to support Sporcle. Thank you for becoming a member.

You're not logged in!

Compare scores with friends on all Sporcle quizzes.
OR
Log In

Show Comments

Extras

Top Quizzes Today


Score Distribution

Your Account Isn't Verified!

In order to create a playlist on Sporcle, you need to verify the email address you used during registration. Go to your Sporcle Settings to finish the process.

Report this User

Report this user for behavior that violates our Community Guidelines.

Details: